000 00622nam a22001697a 4500
003 0
005 20250626113656.0
008 231018b xxu||||| |||| 00| 0 eng d
050 _aPHS BF 723.C75
_b.L56 2023
100 _aLim Sunyeong
245 _aOpen-mindedness and levels of conflict management of Southville International School and Colleges grade 12 students /
_cLim Sunyeong.
260 _aLas Pinas City
_bSouthville International School and Colleges
_c2023.
300 _a39 pages ;
_c30 cm.
504 _aIncludes bibliographical references.
650 _aConflict management
_vResearch.
942 _2lcc
_cPASS
999 _c365537
_d365537